1653 1705 1917 1521 1907 1115 1900 1373 1312 1735 1406 1101 1883 1192 1071 1923 1378 1384 1288 1737 1083 1447 1421 1828 1627 1970 1549 1386 1054 1570 1963 1849 1119 1636 1138 1602 1225 1205 1870 1380 1596 1530 1421 1576 1495 1601 1638 1798 1683 1164 1808 1043 1816 1679 1281 1182 1408 1021 1629 1304 1744 1581 1354 1139 1813 1858 1070 1653 1149 1572 1390 1307 1466 1627 1927 1219 1837 1052 1178 1227 1496 1612 1986 1453 1596 1566 1779 1784 1201 1340 1342 1797 1358 1369 1040 1528 1682 1103 1403 BCNSPRNW ULIB Ver.6.0+V

เปลี่ยนเป็นภาษาไทย

Change to English
 แสดงรายละเอียดบรรณานุกรม
  กลับหน้าหลัก

Brief Record : Get Marc (ISO 2709) : E-mail record : QR code < ปิดหน้าต่าง
LEADER : 00000nam 2200000uu 4500
001    13399123387
003     ULIB
008    020711sมปป. th a 000 0 tha d
099    นว.^bร119ว
100    รจเรข
245    วงกตหัวใจ/^cรจเรข
260    กรุงเทพฯ :^bศิลปาบรรณาคาร,^cมปป.
300    491หน้า
945    ^p0^l0^i019197
999    ^aทศพร
รายการนี้ยังไม่มีแท็ก
คุณยังไม่ได้ล็อกอิน คุณสามารถมีกิจกรรมร่วมกับเว็บไซต์ได้ แต่ต้องล็อกอินก่อน ::
  ล็อกอิน

รายการสื่อสารสนเทศ

ลำดับที่ ประเภท เลขเรียก/บาร์โค้ด สถานที่ สถานะ
1. นวนิยาย
นวนิยาย
นว. ร119ว ฉ.1 
  Barcode: 019197
ห้องสมุดวิทยาเขตสวรรค์ประชารักษ์
►นวนิยาย
บนชั้น
  ขอยืม

BibComment


ยังไม่เคยถูกคอมเมนท์

คอมเมนท์ทรัพยากรรายการนี้
  คอมเมนท์: วงกตหัวใจ รจเรข


 Copyright 2026. Bcnsprnw @Library